Современные технические средства ликвидации аварийных разливов нефти на акваториях при механическом сборе; Проблемы геологии и освоения недр; Т. 2

Bibliografski detalji
Parent link:Проблемы геологии и освоения недр: труды XVII Международного симпозиума имени академика М. А. Усова студентов и молодых ученых, Томск, 1-5 апреля 2013 г./ Национальный исследовательский Томский политехнический университет (ТПУ), Институт природных ресурсов (ИПР) ; Общество инженеров-нефтяников, Студенческий чаптер ; под ред. А. Ю. Дмитриева.— , 2013
Т. 2.— 2013.— [С. 394-396]
Glavni autor: Шефер Я. Е.
Autor kompanije: Национальный исследовательский Томский политехнический университет (ТПУ) Институт природных ресурсов (ИПР) Кафедра транспорта и хранения нефти и газа (ТХНГ)
Daljnji autori: Антропова Н. А. Наталья Алексеевна (научный руководитель)
Sažetak:Заглавие с экрана
Jezik:ruski
Izdano: 2013
Serija:Современная нефтепромысловая техника и ее совершенствование
Teme:
Online pristup:http://www.lib.tpu.ru/fulltext/c/2013/C11/V2/186.pdf
Format: Elektronički Poglavlje knjige
KOHA link:https://koha.lib.tpu.ru/cgi-bin/koha/opac-detail.pl?biblionumber=605218

MARC

LEADER 00000naa2a2200000 4500
001 605218
005 20260225144940.0
035 |a (RuTPU)RU\TPU\conf\2503 
035 |a RU\TPU\conf\2491 
090 |a 605218 
100 |a 20140404d2013 k y0rusy50 ca 
101 0 |a rus 
102 |a RU 
135 |a arnn ---uucaa 
181 0 |a i  
182 0 |a b 
200 1 |a Современные технические средства ликвидации аварийных разливов нефти на акваториях при механическом сборе  |f Я. Е. Шефер  |g науч. рук. Н. А. Антропова 
203 |a Текст  |c электронный 
225 1 |a Современная нефтепромысловая техника и ее совершенствование 
300 |a Заглавие с экрана 
320 |a [Библиогр.: с. 395-396 (5 назв.)] 
337 |a Adobe Reader 
461 1 |0 (RuTPU)RU\TPU\conf\37  |t Проблемы геологии и освоения недр  |o труды XVII Международного симпозиума имени академика М. А. Усова студентов и молодых ученых, Томск, 1-5 апреля 2013 г.  |o в 2 т.  |f Национальный исследовательский Томский политехнический университет (ТПУ), Институт природных ресурсов (ИПР) ; Общество инженеров-нефтяников, Студенческий чаптер ; под ред. А. Ю. Дмитриева  |d 2013 
463 1 |0 (RuTPU)RU\TPU\conf\39  |t Т. 2  |v [С. 394-396]  |d 2013 
610 1 |a труды учёных ТПУ 
610 1 |a электронный ресурс 
610 1 |a современные технологии 
610 1 |a аварийные разливы 
610 1 |a разливы нефти 
610 1 |a акватории 
610 1 |a механический сбор 
700 1 |a Шефер  |b Я. Е. 
702 1 |a Антропова  |b Н. А.  |c специалист в области транспорта и хранения нефти  |c доцент Томского политехнического университета, кандидат геолого-минералогических наук  |f 1959-  |g Наталья Алексеевна  |4 727 
712 0 2 |a Национальный исследовательский Томский политехнический университет (ТПУ)  |b Институт природных ресурсов (ИПР)  |b Кафедра транспорта и хранения нефти и газа (ТХНГ)  |3 (RuTPU)RU\TPU\col\18661 
801 2 |a RU  |b 63413507  |c 20230316  |g RCR 
856 4 |u http://www.lib.tpu.ru/fulltext/c/2013/C11/V2/186.pdf 
942 |c CF